[Event "RUS-chT 32nd"]
[Site "Sochi"]
[Date "2025.05.02"]
[Round "6.6"]
[White "Lupolov, Boris"]
[Black "Timofeev, Artyom"]
[Result "1/2-1/2"]
[WhiteElo "2144"]
[BlackElo "2548"]
[PlyCount "120"]
[EventDate "2025.04.26"]
[EventType "team-swiss"]
[EventRounds "9"]
[EventCountry "RUS"]
[SourceTitle "CB19_2025"]
[SourceDate "2025.05.07"]
[SourceVersion "1"]
[SourceVersionDate "2025.05.07"]
[SourceQuality "1"]
[WhiteTeam "Moscow Temus Tim"]
[BlackTeam "Moscow KPRF"]
[WhiteTeamCountry "RUS"]
[BlackTeamCountry "RUS"]

1. d4 e6 2. c4 Bb4+ 3. Bd2 Qe7 4. Nf3 Nf6 5. g3 Nc6 6. Bg2 Bxd2+ 7. Nbxd2 d6 8. e4 e5 9. d5 Nb8 10. b4 a5 11. a3 0-0 12. 0-0 Na6 13. Ne1 Bg4 14. f3 Bd7 15. Nd3 axb4 16. axb4 c6 17. dxc6 bxc6 18. Qe2 Nc7 19. Qe3 Ne6 20. Nb3 Rfb8 21. c5 h5 22. Qf2 h4 23. Rxa8 Rxa8 24. Qb2 Nh5 25. cxd6 Qxd6 26. Rd1 hxg3 27. Qxe5 gxh2+ 28. Kxh2 Qxe5+ 29. Nxe5 Be8 30. Bh3 Nef4 31. Bg4 f6 32. Bxh5 Bxh5 33. Nxc6 Bxf3 34. Rf1 Bxe4 35. Ne7+ Kf7 36. Rxf4 Ra2+ 37. Kg3 Bc2 38. Nd4 Kxe7 39. Rf2 Ra3+ 40. Rf3 Rxf3+ 41. Kxf3 Bb1 42. b5 Kd7 43. b6 Ba2 44. Ke4 g6 45. b7 Kc7 46. Nb5+ Kb8 47. Nd6 Bb1+ 48. Kf3 g5 49. Ne8 f5 50. Ng7 Kxb7 51. Ne6 g4+ 52. Kg3 Kc6 53. Nf4 Ba2 54. Nd3 Kd6 55. Nf4 Ke5 56. Ng6+ Ke4 57. Nf4 Bf7 58. Ng2 Be8 59. Nf4 Bf7 60. Ng2 Be8 1/2-1/2

[Event "RUS-chT Rapid"]
[Site "Sochi"]
[Date "2024.10.19"]
[Round "7.7"]
[White "Timofeev, Artyom"]
[Black "Shubin, Kirill"]
[Result "0-1"]
[WhiteElo "2548"]
[BlackElo "2460"]
[PlyCount "90"]
[EventDate "2024.10.18"]
[EventType "team-swiss (rapid)"]
[EventRounds "9"]
[EventCountry "RUS"]
[SourceTitle "CB43_2024"]
[Source "Chessbase"]
[SourceDate "2024.10.23"]
[SourceVersion "1"]
[SourceVersionDate "2024.10.23"]
[SourceQuality "1"]
[WhiteTeam "Tatarstan"]
[BlackTeam "St Petersburg SSHOR"]
[WhiteTeamCountry "RUS"]
[BlackTeamCountry "RUS"]

1. e4 e6 2. Qe2 c5 3. Nf3 Nc6 4. g3 g6 5. Bg2 Bg7 6. d3 Nge7 7. 0-0 0-0 8. c4 d6 9. Nc3 a6 10. a4 Bd7 11. Bf4 e5 12. Bg5 h6 13. Bxe7 Qxe7 14. Nd5 Qd8 15. Qd2 Be6 16. h4 Rb8 17. Kh2 f5 18. Bh3 Qd7 19. exf5 Bxf5 20. Bxf5 gxf5 21. Rae1 Rbe8 22. Kg2 Ne7 23. Nc3 Qc6 24. Qe2 d5 25. Nxe5 Bxe5 26. Qxe5 dxc4+ 27. Kh2 cxd3 28. Qf4 c4 29. a5 Kh7 30. h5 Nd5 31. Nxd5 Qxd5 32. Qc7+ Kg8 33. Qf4 Kg7 34. Qc7+ Qf7 35. Qc5 Qxh5+ 36. Kg2 Qf7 37. b3 cxb3 38. Qd4+ Kg8 39. Qxd3 Rd8 40. Qf3 f4 41. Rb1 fxg3 42. Qxg3+ Kh7 43. Qxb3 Rg8+ 44. Kh2 Qf4+ 45. Kh3 Qg4+ 0-1

[Event "RUS-chT Rapid"]
[Site "Sochi"]
[Date "2024.10.18"]
[Round "2.7"]
[White "Shukh, Nikolai"]
[Black "Timofeev, Artyom"]
[Result "0-1"]
[WhiteElo "2462"]
[BlackElo "2548"]
[PlyCount "78"]
[EventDate "2024.10.18"]
[EventType "team-swiss (rapid)"]
[EventRounds "9"]
[EventCountry "RUS"]
[SourceTitle "CB43_2024"]
[Source "Chessbase"]
[SourceDate "2024.10.23"]
[SourceVersion "1"]
[SourceVersionDate "2024.10.23"]
[SourceQuality "1"]
[WhiteTeam "Saratov Federatsiya"]
[BlackTeam "Tatarstan"]
[WhiteTeamCountry "RUS"]
[BlackTeamCountry "RUS"]

1. e4 c5 2. Nf3 e6 3. g3 Nc6 4. Bg2 Nf6 5. Nc3 d6 6. 0-0 a6 7. d4 cxd4 8. Nxd4 Bd7 9. b3 Be7 10. Bb2 0-0 11. Nce2 Rc8 12. c4 b5 13. cxb5 Nxd4 14. Nxd4 axb5 15. f4 e5 16. Nf5 Bxf5 17. exf5 exf4 18. Rxf4 d5 19. Qd3 Bd6 20. Rff1 Re8 21. Qxb5 Ng4 22. Bd4 Be5 23. Bxe5 Rxe5 24. Rae1 Ne3 25. Rf3 Qe7 26. Qd3 Re8 27. h3 Qc5 28. Kh1 h5 29. f6 g6 30. a4 d4 31. Qd2 Rb8 32. Rf4 Nf5 33. Rxe5 Qxe5 34. Qd3 h4 35. Rxf5 Qxf5 36. Qxd4 hxg3 37. Qd1 Qxf6 38. a5 Rxb3 39. a6 Ra3 0-1

[Event "RUS-ch 77th"]
[Site "Barnaul"]
[Date "2024.08.25"]
[Round "8"]
[White "Artemiev, Vladislav"]
[Black "Timofeev, Artyom"]
[Result "1/2-1/2"]
[WhiteElo "2699"]
[BlackElo "2547"]
[PlyCount "103"]
[EventDate "2024.08.17"]
[EventType "tourn"]
[EventRounds "11"]
[EventCountry "RUS"]
[EventCategory "15"]
[SourceTitle "CBM 221 Extra"]
[Source "ChessBase"]
[SourceDate "2024.09.30"]
[SourceVersion "1"]
[SourceVersionDate "2024.09.30"]
[SourceQuality "1"]

1. e4 e6 2. d4 d5 3. Nc3 Nf6 4. Bg5 dxe4 5. Nxe4 Nbd7 6. Nf3 Be7 7. Nxf6+ Bxf6 8. h4 h6 9. Bxf6 Nxf6 10. Qd2 Qd5 11. Be2 0-0 12. c4 Qd6 13. 0-0-0 Ng4 14. Rhf1 b6 15. Ne1 e5 16. dxe5 Qxd2+ 17. Rxd2 Nxe5 18. Nc2 Be6 19. Ne3 Rad8 20. f4 Rxd2 21. Kxd2 Nc6 22. f5 Bd7 23. Nd5 Nd4 24. Bd3 c5 25. f6 Rd8 26. fxg7 Kxg7 27. Kc3 Bc6 28. Nf4 Re8 29. b4 Re5 30. bxc5 bxc5 31. Kd2 a5 32. Rf2 a4 33. Bb1 Re7 34. Nh5+ Kf8 35. Bd3 Re5 36. Nf6 Kg7 37. Ng4 Re6 38. Ne3 Be4 39. g3 Bxd3 40. Kxd3 Rb6 41. g4 a3 42. Nf5+ Nxf5 43. Rxf5 Rb2 44. Rxc5 Rxa2 45. Ra5 Rg2 46. g5 hxg5 47. hxg5 Kg6 48. Ke4 a2 49. Kf4 Rc2 50. Ra6+ Kg7 51. Kf5 Rxc4 52. Rxa2 1/2-1/2

[Event "RUS-ch 77th"]
[Site "Barnaul"]
[Date "2024.08.17"]
[Round "1"]
[White "Grischuk, Alexander"]
[Black "Timofeev, Artyom"]
[Result "1-0"]
[WhiteElo "2708"]
[BlackElo "2547"]
[PlyCount "175"]
[EventDate "2024.08.17"]
[EventType "tourn"]
[EventRounds "11"]
[EventCountry "RUS"]
[EventCategory "15"]
[SourceTitle "CBM 221 Extra"]
[Source "ChessBase"]
[SourceDate "2024.09.30"]
[SourceVersion "1"]
[SourceVersionDate "2024.09.30"]
[SourceQuality "1"]

1. e4 c5 2. Nf3 d6 3. d4 cxd4 4. Nxd4 Nf6 5. Nc3 a6 6. Be3 Ng4 7. Bg5 h6 8. Bh4 g5 9. Bg3 Bg7 10. h3 Ne5 11. Nf5 Bxf5 12. exf5 Qa5 13. Qd5 Nbc6 14. Qxa5 Nxa5 15. Nd5 Rc8 16. 0-0-0 e6 17. f6 Bf8 18. Bxe5 dxe5 19. Nc3 Rxc3 20. bxc3 h5 21. Be2 Rh6 22. Rhe1 g4 23. hxg4 hxg4 24. Bxg4 Rxf6 25. Rxe5 Nc4 26. Re2 Bc5 27. Rd3 Bxf2 28. Rf3 Bh4 29. Rxf6 Bxf6 30. Bf3 b6 31. Re4 b5 32. Rg4 Bxc3 33. Rg8+ Ke7 34. Ra8 a5 35. Be2 Nd6 36. Ra7+ Kf6 37. Rc7 Be5 38. Rc6 Kf5 39. Rb6 b4 40. Ra6 Kf4 41. Rxa5 Bd4 42. a4 bxa3 43. Rxa3 f5 44. Ra6 Ke5 45. Bd3 Bc3 46. Ra3 Kd4 47. Ra4+ Kd5 48. g4 fxg4 49. Rxg4 e5 50. Ra4 e4 51. Bf1 Kc5 52. Kd1 Bb4 53. Ra8 Kd4 54. Ba6 Kc3 55. Ra7 Ba5 56. Bf1 Bb4 57. Rc7+ Kd4 58. Ba6 Ba5 59. Rd7 Bb4 60. Ke2 Bc5 61. Kd2 Bb4+ 62. Kd1 Kc3 63. Rh7 Kd4 64. Rh5 Bc3 65. Bb5 Bb4 66. Ke2 Kc3 67. Ba4 Nb7 68. Rh3+ Kc4 69. Bc6 Nc5 70. Ke3 Kc3 71. Rh2 Ba3 72. Bxe4 Bc1+ 73. Kf3 Ne6 74. Ke2 Nd4+ 75. Kd1 Bf4 76. Rh4 Be5 77. Rh3+ Kb2 78. Bd3 Nc6 79. Be4 Nd4 80. Rh5 Bf6 81. Kd2 Be7 82. Kd3 Bf6 83. Rh6 Be5 84. Rb6+ Ka3 85. Bd5 Ka4 86. c3 Nf5 87. Bc6+ Ka3 88. Rb5 1-0

[Event "RUS-ch Higher League 74th"]
[Site "Nizhnij Novgorod"]
[Date "2024.07.05"]
[Round "9"]
[White "Rozum, Ivan"]
[Black "Timofeev, Artyom"]
[Result "0-1"]
[WhiteElo "2490"]
[BlackElo "2546"]
[PlyCount "200"]
[EventDate "2024.06.26"]
[EventType "swiss"]
[EventRounds "9"]
[EventCountry "RUS"]
[SourceTitle "EXT 2025"]
[Source "ChessBase"]
[SourceDate "2024.10.14"]
[SourceVersion "1"]
[SourceVersionDate "2024.10.14"]
[SourceQuality "1"]

1. Nf3 d5 2. g3 Nf6 3. Bg2 b5 4. 0-0 e6 5. d3 Nbd7 6. e4 dxe4 7. dxe4 e5 8. Qe2 c6 9. a4 bxa4 10. Rxa4 Be7 11. Nbd2 Qc7 12. Nc4 0-0 13. Bd2 Re8 14. Ba5 Qb8 15. Bc3 Bf8 16. Rd1 Qc7 17. Raa1 Rb8 18. Nh4 Nb6 19. Ne3 Nfd7 20. b3 Nc5 21. Ra5 f6 22. Nhf5 Ne6 23. Nc4 c5 24. Nfd6 Rd8 25. Nxc8 Nxc8 26. Rxd8 Nxd8 27. Bh3 Nb6 28. Ra1 Nc6 29. Be6+ Kh8 30. h4 Nd4 31. Bxd4 cxd4 32. Qg4 Bc5 33. h5 Rd8 34. Qf5 d3 35. cxd3 Rxd3 36. Kg2 Nxc4 37. Bxc4 Rd2 38. Qe6 Qd8 39. Rf1 Rd6 40. Qf7 Rd7 41. Qe6 Rd6 42. Qf5 Qd7 43. Qf3 Rd2 44. h6 Bb6 45. Bd5 Rc2 46. Qd3 Ra2 47. b4 Rb2 48. Qa3 Rc2 49. Qb3 Qc7 50. Qa4 Qc8 51. Bb7 Qc4 52. Qe8+ Qg8 53. Qe7 gxh6 54. Bd5 Qd8 55. Qf7 Rc7 56. Qe6 h5 57. Qh3 Qe8 58. Rd1 Rc2 59. Rf1 Kg7 60. Qf5 Qg6 61. Qd7+ Kh6 62. b5 h4 63. Kf3 Rxf2+ 64. Rxf2 Qxg3+ 65. Ke2 Qxf2+ 66. Kd3 Qe3+ 67. Kc2 Qe2+ 68. Kb3 Qd3+ 69. Kb4 Qb1+ 70. Kc4 Qc2+ 71. Kb4 Qb2+ 72. Kc4 Be3 73. Qf5 Qc2+ 74. Kb4 Bd2+ 75. Ka3 Qc5+ 76. Ka2 Bg5 77. Bg8 Qc7 78. Kb3 Qg7 79. Be6 Qg6 80. Kc4 Qxf5 81. Bxf5 Bc1 82. Kd3 Kg5 83. Ke2 Kf4 84. Kf2 h6 85. Kg2 Ke3 86. Kh3 Kd3 87. Kxh4 Kc4 88. Bd7 f5 89. exf5 e4 90. Kg3 Kd3 91. f6 e3 92. f7 Ba3 93. b6 axb6 94. Bb5+ Kd2 95. Kf3 h5 96. Ba6 Be7 97. Bb5 h4 98. Ba6 Bd6 99. Bf1 h3 100. Bb5 h2 0-1

[Event "RUS-ch Higher League 74th"]
[Site "Nizhnij Novgorod"]
[Date "2024.07.02"]
[Round "6"]
[White "Timofeev, Artyom"]
[Black "Sychev, Klementy"]
[Result "1/2-1/2"]
[WhiteElo "2546"]
[BlackElo "2537"]
[PlyCount "71"]
[EventDate "2024.06.26"]
[EventType "swiss"]
[EventRounds "9"]
[EventCountry "RUS"]
[SourceTitle "EXT 2025"]
[Source "ChessBase"]
[SourceDate "2024.10.14"]
[SourceVersion "1"]
[SourceVersionDate "2024.10.14"]
[SourceQuality "1"]

1. c4 c5 2. g3 Nc6 3. Bg2 Nf6 4. Nc3 e6 5. Bxc6 dxc6 6. f4 Bd6 7. Nf3 Bc7 8. d3 e5 9. fxe5 Ng4 10. Bf4 Qe7 11. Qd2 0-0 12. h3 Nxe5 13. Bxe5 Bxe5 14. Nxe5 Qxe5 15. Qf4 Qe7 16. 0-0-0 Be6 17. h4 Rad8 18. Rhf1 Rd4 19. Qe5 f6 20. Qe3 Re8 21. Rf4 Qd8 22. Re4 Rxe4 23. Qxe4 h5 24. Qf4 Bg4 25. Re1 b6 26. a4 Re7 27. Kc2 Re8 28. Kd2 Re7 29. Kc2 Re8 30. Qf2 a5 31. Qf4 Re5 32. Qf2 Qd7 33. Kd2 Qd8 34. Qg2 Qd7 35. Qg1 Qe7 36. Qg2 1/2-1/2

[Event "RUS-ch Higher League 74th"]
[Site "Nizhnij Novgorod"]
[Date "2024.06.29"]
[Round "4"]
[White "Timofeev, Artyom"]
[Black "Najer, Evgeniy"]
[Result "1/2-1/2"]
[WhiteElo "2546"]
[BlackElo "2663"]
[PlyCount "84"]
[EventDate "2024.06.26"]
[EventType "swiss"]
[EventRounds "9"]
[EventCountry "RUS"]
[SourceTitle "EXT 2025"]
[Source "ChessBase"]
[SourceDate "2024.10.14"]
[SourceVersion "1"]
[SourceVersionDate "2024.10.14"]
[SourceQuality "1"]

1. d4 Nf6 2. c4 e6 3. Nf3 d5 4. Nc3 Nbd7 5. Bf4 Bb4 6. cxd5 exd5 7. a3 Bxc3+ 8. bxc3 c5 9. e3 Qa5 10. Rc1 Qxa3 11. dxc5 Nxc5 12. Be5 Nce4 13. Bd3 0-0 14. 0-0 Bg4 15. h3 Bh5 16. Be2 a6 17. Qd4 Qc5 18. Bxf6 gxf6 19. Rfd1 Rac8 20. c4 Qxd4 21. Nxd4 Bxe2 22. Nxe2 Rxc4 23. Rxc4 dxc4 24. Rd4 Ng5 25. Rxc4 Ne6 26. f4 f5 27. g4 fxg4 28. f5 Nd8 29. Rxg4+ Kh8 30. Rd4 Kg7 31. Rd7 Kf6 32. e4 Ke5 33. Re7+ Kd6 34. f6 Ne6 35. Rxb7 Ke5 36. Ra7 Nc5 37. Ng3 Kf4 38. Kf2 h6 39. Re7 Nd3+ 40. Ke2 Ne5 41. Nf5 Kxe4 42. Nxh6 Kf4 1/2-1/2